000 00481nam a2200169 i 4500
001 97868
003 ES-MaACL
005 20230906182155.0
007 t|
008 050719s1908 it ||||1| spa d
100 1 _aMario, Jessie White.
_976875
245 1 0 _aDella vita di Giusepe Mazzini /
_cJessie W. Mario.
260 _aMilano :
_bEdit. Sonzagno,
_c1908.
300 _a495 p. :
_bil ;
_c30.
600 1 4 _aMazzini, Giuseppe-
_xBiografĂ­as.
_9129773
852 _aES-MaACL
_jC-1806
999 _c97868
_d97868